00775nam a22002417i 4500001000800000003001000008007000500018008004100023040003500064041000800099043000700107084000700114111013700121245004100258264001100299300002300310336002700333337003300360338002800393650000900421700001800430773008500448B-11726CO-BoFNCPt|| 090226s2008 ck r eng d  aCO-BoFNCPbspacCO-BoFNCPerda aeng ack aA-2 aReunión Latinoamericana de la Mesa Redonda sobre Aceite de Palma Sostenible, RSPOd1a octubre 16-17, 2008 :cCartagena, Colombia :10aThe Experience so Far With the RSPO. 4c©2008 apáginas 131-133. atextobtxt2rdacontent asin mediaciónbn2rdamedia avolumenbnc2rdacarrier 0aRSPO1 aMora, Claudia0 aPalmas (Colombia)gv. 29, no. especial inglés (2008), p.131-133wA-x0121-2923